Champions League Gruppenphaseversager - Statistiken

Allgemein
  • Dieses Quiz wurde 213 mal gespielt
  • Das Durchschnittsergebnis liegt bei 9 aus 20
Antwortstatistiken
Land Saison Antwort % Korrekt
Kroatien 2016-17 Dinamo Zagreb
84%
Portugal 2017-18 Benfica Lissabon
71%
Belgien 2016-17 FC Brügge
70%
Griechenland 2018-19 AEK Athen
68%
Österreich 2005-06 SK Rapid Wien
67%
Belgien 2004-05 RSC Anderlecht
66%
Türkei 2001-02 Fenerbahçe Istanbul
62%
Frankreich 2013-14 Olympique Marseille
57%
Ukraine 2007-08 Dynamo Kiew
55%
Kroatien 2011-12 Dinamo Zagreb
53%
Russland 2002-03 Spartak Moskau
46%
Israel 2015-16 Maccabi Tel Aviv
45%
Serbien 2010-11 FK Partizan Belgrad
44%
Israel 2009-10 Maccabi Haifa
38%
Spanien 2011-12 Villarreal
34%
Bulgarien 2006-07 Lewski Sofia
21%
Ungarn 2009-10 Debreceni VSC
16%
Slowakei 2010-11 MŠK Žilina
10%
Rumänien 2011-12 Oțelul Galați
8%
Slowakei 1997-98 1. FC Košice
5%
Keine übereinstimmenden Quizze gefunden
Verteilung der Resultate
Anzahl Personen mit jedem Resultat
Perzentil nach korrekt beantworteten Fragen
Ihre Resultats-Entwicklung
Sie haben dieses Quiz noch nicht gespielt